00706nam a2200217 a 4500001000400000003000500004005001700009008004100026020001500067040002000082100002800102245004700130260003300177300001100210490006600221650004200287650003700329942001300366999001300379952009600392495CDMR20131212161003.0130130s1972||||||||||||||||||||||||||||d a008017065X aCDMRbcatcCDMR1 aDay, Peter Russell935310aCommunication in social workcPeter R. Day aOxfordc1972bPergamon Press a121 p.0 aCommonwealth and international library.aSocial Work division0494289aComunicacióxAspectes socials0494428aDesenvolupament comunitari cMON2udc c495d495 00104070aCDMRbCDMRd2013-01-16l0oCpC4168612013011612531r2013-01-16w2013-01-16yMON